[Event "50th It"]
[Site "Reggio Emilia ITA"]
[Date "2008.01.06"]
[Round "9"]
[White "Harikrishna, P."]
[Black "Landa, K."]
[Result "1-0"]
[WhiteElo "2668"]
[BlackElo "2678"]
[PlyCount "58"]
[EventDate "2007.12.29"]
[Source "www.chesslib.no"]
[SourceDate "2004.05.04"]

1. e4 e5 2. Bc4 Nf6 3. d3 Nc6 4. Nf3 Bc5 5. c3 a6 6. Bb3 d6 7. O-O O-O 8. Bg5 h6 9. Be3 Ng4 10. d4 Ba7 11. Nbd2 Ne7 12. h3 Nxe3 13. fxe3 exd4 14. exd4 c5 15. Kh1 cxd4 16. Nxd4 d5 17. N2f3 dxe4 18. Ne5 Be6 19. Nxe6 Qxd1 20. Nxf8 Qxb3 21. axb3 Rxf8 22. g4 Nd5 23. Rae1 Re8 24. Rf5 g6 25. Nxg6 Ne3 26. Re5 Rd8 27. Nf4 Nd1 28. Rd5 Nf2+ 29. Kg2 Rc8 1-0

[Event "Hamburg GER"]
[Site "Hamburg GER"]
[Date "1982.??.??"]
[Round "?"]
[White "Nunn, John D M"]
[Black "Karpov, Anatoly"]
[Result "1-0"]
[WhiteElo "2590"]
[BlackElo "2720"]
[PlyCount "27"]
[EventDate "1982.??.??"]
[Source "www.chesslib.no"]
[SourceDate "2004.05.04"]

1. e4 e5 2. Bc4 Nf6 3. d3 Nc6 4. Nf3 Bc5 5. O-O a6 6. c3 Ba7 7. Bb3 O-O 8. Bg5 d6 9. Nbd2 Ne7 10. Nc4 Ng6 11. Nh4 Bg4 12. Bxf6 Qxf6 13. Qxg4 Qxh4 14. Rab1 1-0